Double standards, single purpose: reforming housing regulations to reduce poverty (Record no. 75647)

MARC details
000 -LEADER
fixed length control field 01118nam a2200217 a 4500
008 - FIXED-LENGTH DATA ELEMENTS--GENERAL INFORMATION
fixed length control field 090423s2001 ||||||||||||||||| || u
020 ## - INTERNATIONAL STANDARD BOOK NUMBER
International Standard Book Number 1853395250
050 ## - LIBRARY OF CONGRESS CALL NUMBER
Classification number HD 7391 Dou
100 ## - MAIN ENTRY--PERSONAL NAME
Personal name Yahya, Saad
245 10 - TITLE STATEMENT
Title Double standards, single purpose: reforming housing regulations to reduce poverty
Statement of responsibility, etc. Saad Yahya...[and others]
260 ## - PUBLICATION, DISTRIBUTION, ETC.
Place of publication, distribution, etc. London:
Name of publisher, distributor, etc. ITDG Publishing
Date of publication, distribution, etc. 2001
300 ## - PHYSICAL DESCRIPTION
Extent xiv, 178p.: ill.
350 ## -
-- 0.00
650 ## - SUBJECT ADDED ENTRY--TOPICAL TERM
Topical term or geographic name entry element HOUSING POLICY--AFRICA, SUB-SAHARAN
650 ## - SUBJECT ADDED ENTRY--TOPICAL TERM
Topical term or geographic name entry element HOUSING
650 ## - SUBJECT ADDED ENTRY--TOPICAL TERM
Topical term or geographic name entry element HOUSING--AFRICA, SUB-SAHARAN
650 ## - SUBJECT ADDED ENTRY--TOPICAL TERM
Topical term or geographic name entry element HUMAN SETTLEMENT--DEVELOPING COUNTRIES
995 ## -
-- MAIN LIBRARY OPEN ACCESS
-- 0.00
-- 739404
-- CBU-MAIN LIBRARY (Kitwe)
-- 1
-- 0.00
-- HD 7391 DOU
-- 1
-- AVAILABLE
-- May 8, 2009
-- 739404
-- Main Library Open Access Collection
995 ## -
-- MAIN LIBRARY OPEN ACCESS
-- 0.00
-- 740900
-- CBU-MAIN LIBRARY (Kitwe)
-- 1
-- 0.00
-- HD 7391 DOU
-- 2
-- AVAILABLE
-- Mar 5, 2010
-- 740900
-- Main Library Open Access Collection
995 ## -
-- MAIN LIBRARY OPEN ACCESS
-- 0.00
-- 740901
-- CBU-MAIN LIBRARY (Kitwe)
-- 1
-- 0.00
-- HD 7391 DOU
-- 3
-- AVAILABLE
-- Mar 5, 2010
-- 740901
-- Main Library Open Access Collection
999 ## -
-- 75647
-- 75647
Holdings
Withdrawn status Lost status Source of classification or shelving scheme Damaged status Not for loan Permanent Location Current Location Shelving location Date acquired Total Checkouts Full call number Barcode Date last seen Copy number Price effective from Koha item type
          CBU-MAIN LIBRARY, KITWE. CBU-MAIN LIBRARY, KITWE.   04/24/2023   HD 7391 Dou 739404 04/24/2023 1 04/24/2023 MONOGRAPH
          CBU-MAIN LIBRARY, KITWE. CBU-MAIN LIBRARY, KITWE.   04/24/2023   HD 7391 Dou 740900 04/24/2023 2 04/24/2023 MONOGRAPH
          CBU-MAIN LIBRARY, KITWE. CBU-MAIN LIBRARY, KITWE.   04/24/2023   HD 7391 Dou 740901 04/24/2023 3 04/24/2023 MONOGRAPH